000 00312nam a22001457a 4500
008 210301b ||||| |||| 00| 0 eng d
020 _a9780596002565
041 _aeng
080 _22nd
_a004
082 _a004
100 _a28
101 _aSHKI
245 _aUsing Samba
_cEckstein, J. R
942 _2udc
_cBK
999 _c55402
_d55402